000 00548nam a2200181Ia 4500
008 090123s9999 xx 000 0 und d
082 _b38149
100 _aजोशी विमला
245 _aझाकलेले माणिक
250 _a1
260 _bप्रतिक प्रकाशन
_c2004
300 _a48
600 _aजोशी विमला
630 _aझाकलेले माणिक
700 _aजोशी विमला
730 _aझाकलेले माणिक
942 _cBOOK
999 _c76137
_d76137